Programmirovanije na jazyke ASSEMBLERA dľa mikroEVM = Microcomputer ASSEMBLY language programming /

Enregistré dans:
Détails bibliographiques
Auteur principal: Elfring, G.Ch (Auteur)
Format: Livre
Langue:russe
Publié: Moskva : Radio i svjaz, 1987
Tags: Ajouter un tag
Pas de tags, Soyez le premier à ajouter un tag!

MARC

LEADER 00000nam a22000003a 4500
001 stu4731
005 20150617225811.8
008 931103s1987----xxr-----------------rus-d
040 |a STU  |b slo 
041 0 |a rus 
044 |a xxr 
080 |a 681.32.06-181.4 
080 |a 519.68 
100 1 |a Elfring, G.Ch  |4 aut 
245 1 |a Programmirovanije na jazyke ASSEMBLERA dľa mikroEVM = Microcomputer ASSEMBLY language programming /  |c [aut.] Elfring,G 
260 |a Moskva :  |b Radio i svjaz,  |c 1987 
300 |a 165 s 
996 |c I*16TJ3737  |l I  |s A  |a 24  |w stu4731_0001 
996 |b E64975  |c E*64975  |l EE03  |s P  |a 0  |w stu4731_0002